000 00517nam a22001577a 4500
999 _c535601
_d535601
020 _qHard Cover.
082 _a621.3
100 _aAhmed, Naveed
245 _aDEXTER FUZZY LOGIC CONTROL ARCHITECTURE FOR MULTIVARIABLE SYSTEM (DMFLC) /
_cNaveed Ahmed.
260 _aIslamabad:
_bPNEC NUST,
_c2014.
300 _a44 p. :
_bill. ;
_c30cm.
942 _2ddc
_cTHE
650 _aElectrical Engineering MS-Thesis.
_916073
700 _aDr. Muhammad Bilal Qadri
_929944